Sports Quiz

Random Sports or NBA Quiz

Portland Trail Blazers win share season leaders Quiz Stats

 Plays Quiz not verified by Sporcle

Score 0/49 Timer 07:00
0 Plays Today
Season Player % Correct
2010-11LaMarcus Aldridge
100%
2011-12LaMarcus Aldridge
100%
2012-13LaMarcus Aldridge
100%
2015-16Damian Lillard
100%
2016-17Damian Lillard
100%
2017-18Damian Lillard
100%
2013-14Damian Lillard
98.4%
2014-15Damian Lillard
98.4%
1987-88Clyde Drexler
97.2%
1988-89Clyde Drexler
97.2%
1991-92Clyde Drexler
97.2%
2007-08Brandon Roy
92.3%
2008-09Brandon Roy
92.3%
2009-10Brandon Roy
92.3%
1976-77Bill Walton
87.9%
1977-78Bill Walton
87.9%
2000-01Rasheed Wallace
86.3%
2001-02Rasheed Wallace
86.3%
2002-03Rasheed Wallace
86.3%
1989-90Terry Porter
80.6%
1990-91Terry Porter
80.6%
1992-93Terry Porter
80.6%
2004-05Damon Stoudamire
69.4%
2003-04Zach Randolph
59.3%
2006-07Zach Randolph
59.3%
Season Player % Correct
1995-96Arvydas Sabonis
58.9%
1997-98Arvydas Sabonis
58.9%
1994-95Cliff Robinson
47.2%
1999-00Steve Smith
46.4%
1984-85Kiki Vandeweghe
32.7%
1985-86Kiki Vandeweghe
32.7%
1986-87Kiki Vandeweghe
32.7%
1972-73Sidney Wicks
25.8%
1973-74Sidney Wicks
25.8%
1974-75Sidney Wicks
25.8%
1975-76Sidney Wicks
25.8%
1970-71Geoff Petrie
25%
1980-81Jim Paxson
23.4%
1982-83Jim Paxson
23.4%
1983-84Jim Paxson
23.4%
1993-94Rod Strickland
23%
1998-99Brian Grant
22.2%
1996-97Kenny Anderson
21.4%
2005-06Steve Blake
12.9%
1981-82Calvin Natt
9.7%
1979-80Kermit Washington
8.9%
1978-79Tom Owens
6%
1971-72Dale Schlueter
2.4%
2018-19Damian Lillard
0%

You're not logged in!

Compare scores with friends on all Sporcle quizzes.
OR
Log In

Show Comments

Extras

Top Quizzes Today


Score Distribution

Your Account Isn't Verified!

In order to create a playlist on Sporcle, you need to verify the email address you used during registration. Go to your Sporcle Settings to finish the process.

Report this User

Report this user for behavior that violates our Community Guidelines.

Details: